[Event "North Wales Congress Major"]
[Site "Llandudno"]
[Date "2019.06.21"]
[Round "1.30"]
[White "Lee, James"]
[Black "Doherty, Paul"]
[Result "1-0"]
[WhiteElo "1885"]
[BlackElo "1738"]
[Annotator "kemen"]
[PlyCount "103"]
[EventDate "2019.??.??"]

{[%evp 0,103,20,20,41,20,62,52,66,46,39,27,38,24,87,93,93,74,79,58,69,69,77,77,
65,66,61,60,60,57,65,36,35,17,24,3,0,-14,25,1,2,2,0,0,2,-4,-20,-7,100,56,119,
114,103,97,60,-41,-56,-74,32,19,50,52,49,34,16,18,28,31,26,40,44,66,66,103,132,
126,157,200,197,253,279,273,298,308,308,282,377,375,456,505,505,505,542,483,
1182,1410,29999,962,805,656,688,599,684,654,703,678]} 1. d4 e6 2. Nf3 f5 (2...
Nf6) (2... d5) 3. Bg5 (3. g3) 3... Nf6 4. Nbd2 Be7 5. Bxf6 Bxf6 6. e4 f4 {
unusual} (6... fxe4 7. Nxe4 O-O 8. Bd3 {main, 67% for Wh}) 7. e5 (7. Bd3 Nc6 8.
e5 Be7 9. c4 d6 10. d5 {Coman-Milak European Individual ch 2016,1-0}) 7... Be7
8. Bd3 O-O 9. Qe2 Nc6 10. h4 $16 Qe8 (10... Nb4 11. Be4 d5 12. exd6 cxd6 13. c3
Nd5 14. O-O-O $16 {Komodo13}) 11. Qe4 (11. Ng5 $18 Nxd4 (11... g6 12. c3 a6 13.
h5 $1 $18 Bxg5 14. hxg6 Rf5 15. gxh7+ Kh8 16. Bxf5 exf5 17. Nf3 Be7 18. d5 Nd8
19. Qc4 $18 {Komodo13}) 12. Bxh7+ Kh8 13. Qd3 Nf5 14. O-O-O $18 {Komodo13})
11... Qh5 12. O-O-O {keeping options open} (12. Ng5 Bxg5 13. g4 fxg3 14. hxg5
gxf2+ 15. Kf1 Qg6 16. Qh4 Rf5 17. Bxf5 Qxf5 18. Qh5 Nxd4 19. Qe8+ Qf8 20. Qxf8+
Kxf8 21. Rxh7 $14 {Komodo13}) 12... Nb4 13. Kb1 (13. Ng5 $16) 13... Nxd3 14.
Qxd3 Qf5 (14... b6 $11) 15. Qxf5 (15. Qc3 c6 16. h5 $16 {Komodo13}) 15... Rxf5
16. Ne4 d5 17. Ned2 (17. exd6 cxd6 18. d5 e5 $11 {Komodo13}) 17... Bd7 $15 {
the 2 Bs are more flexible than the Ns, especially since Bl can advance the Q
side pawns} 18. c4 c6 (18... dxc4 19. Nxc4 Bc6 $17) 19. c5 (19. Kc2) 19... b6
20. b4 Be8 (20... a5 $15 {the Bs need open lines}) 21. Kb2 a5 22. a3 Rb8 23.
Kc3 $11 g5 (23... Bh5) 24. hxg5 $16 Bxg5 25. bxa5 bxc5 26. dxc5 $16 (26. Rb1
Ra8 27. dxc5 $16) 26... Bd8 27. Rb1 (27. Nb3 $16) 27... Bxa5+ 28. Kd4 Rxb1 (
28... Ra8 $11) 29. Rxb1 Bxd2 30. Nxd2 $16 {the N is now superior to the B & Wh
has an outside passed R pawn} Rg5 31. Nf3 (31. Rg1) 31... Rxg2 32. Rg1 Rxg1 33.
Nxg1 $11 {now Bl has an outside passed R pawn as well} Bd7 (33... Kf7 {the h
pawn needs the support of the K to advance}) 34. Nh3 $16 f3 35. Ng5 h6 (35...
Kg7 36. Nxf3 Kg6) 36. Nxf3 $18 Kg7 37. Ke3 h5 38. Kf4 Kg6 39. Nd4 {the N holds
up the B ( and prevents K entry& a sacrifice , or threatened sacrifice,of the
a pawn will win} Kh6 40. a4 h4 41. a5 (41. Kg4) 41... Bc8 42. Kg4 h3 43. Kxh3
Kg5 44. Kg3 Ba6 45. f4+ Kg6 46. Nxc6 (46. Nxe6) 46... Kf5 47. Kf3 Bb7 48. Nd4+
Kg6 49. Nxe6 (49. c6) 49... d4+ 50. Ke2 Kf5 51. Nd8 Ba6+ 52. Kd2 1-0

[Event "North Wales Congress Major"]
[Site "Llandudno"]
[Date "2019.06.21"]
[Round "1.31"]
[White "Francis, Matthew"]
[Black "Fisher, Peter S"]
[Result "0-1"]
[WhiteElo "1697"]
[BlackElo "1788"]
[Annotator "kemen"]
[PlyCount "76"]
[EventDate "2019.??.??"]

{[%evp 0,76,19,29,72,53,86,72,58,54,51,46,45,26,36,21,36,21,91,69,57,23,45,21,
46,-2,25,11,15,21,27,1,-27,-46,-25,-41,-6,13,42,3,-2,-20,-41,-46,-32,-62,-41,
-70,-27,-62,-34,-49,-54,-56,-51,-123,-121,-107,-50,-100,-121,-106,-78,-99,-81,
-85,-77,-144,-169,-210,-169,-268,-189,-267,-290,-436,-441,-440,-444]} 1. e4 c5
2. Nf3 d6 3. d4 cxd4 4. Qxd4 Nc6 5. Bb5 Bd7 6. Bxc6 Bxc6 7. Nc3 (7. c4 {
alternative}) 7... Nf6 8. Bg5 Qa5 (8... e6) (8... e5) 9. O-O {75% Wh} (9. O-O-O
{main,72% for Wh}) 9... h6 10. Bd2 {63% for Wh} (10. Bxf6 {main, 88% for Wh})
10... Qc7 $146 (10... Qh5 $14 {2-0}) (10... e5 $11 {0-1}) (10... Qc5 $16 {1/
2-1/2}) 11. Rfe1 (11. Nd5 {Komodo13} Bxd5 12. exd5 Qxc2 13. Rfe1 (13. Qb4 Qc5
14. Qxb7 Qxd5 15. Qa6 e5 16. Qa4+ Nd7 17. Rfc1 $14) 13... Qc5 14. Qa4+ b5 15.
Qf4 Nxd5 16. Qe4 Nb6 17. b3 Qd5 18. Qe2 e6 $11) 11... e6 12. Rad1 Be7 13. Qd3
a6 14. Nd4 Bd7 15. e5 (15. Qg3 g5 16. Be3 Rc8 $11 {Komodo13}) (15. f4 e5 16.
Nf5 Bxf5 17. exf5 O-O $11 {Komodo13}) 15... dxe5 $15 16. Nf3 e4 17. Nxe4 Bb5 (
17... O-O $15) 18. Qc3 (18. Nxf6+ Bxf6 19. Qa3 O-O-O $11 {Komodo13}) 18... Rc8
19. Qxc7 Rxc7 20. Bc3 (20. Nxf6+ Bxf6 21. c3 $11 {Komodo13}) 20... Nxe4 21.
Rxe4 O-O $17 {Bl has 2 Bs and Wh's Q side is immobilized} 22. Rg4 (22. Nd4)
22... g6 (22... f6 $17) 23. h4 Kh7 (23... h5) 24. Re4 (24. h5 g5 25. a4 Be8 26.
Re1 Rg8 $15 {Komodo13}) 24... Rfc8 (24... Bc6 25. Rg4 f6 26. Bb4 e5 27. Bxe7
Rxe7 $15 {and Wh has to defend carefully}) 25. a4 Bc6 26. Rf4 Be8 (26... f5 $5
{Komodo13, looks to leave a horible hole on e5}) 27. Ne1 Rc4 28. Rdd4 R4c6 29.
Nf3 f6 $17 30. Rfe4 Bc5 31. Rd2 e5 {mobile pawns backed by 2 Bs are very
dangerous} 32. Re1 b5 33. Rd5 (33. axb5 axb5 34. Ba5 Ra6 35. Rd8 Rxd8 36. Bxd8
Kg7 $17 {Komodo13}) 33... bxa4 $19 (33... b4 34. Bd2 R6c7 35. b3 Bf7 36. Rd3
Be6 $19 {Komodo13}) 34. Red1 Be7 35. g3 (35. Ra5 a3 36. Ra1 axb2 37. Bxb2 Rxc2
$19 {Komodo13}) 35... Kg7 (35... a3) 36. Nd2 (36. Nxe5 $5 {Komodo13}) 36... a3
37. Ra5 axb2 38. Bxb2 Rxc2 (38... Rxc2 39. Ba3 Bxa3 40. Rxa3 Rd8) 0-1

[Event "North Wales Congress Major"]
[Site "Llandudno"]
[Date "2019.06.21"]
[Round "1.32"]
[White "Lambert, John F"]
[Black "Pinch, David"]
[Result "0-1"]
[WhiteElo "1788"]
[BlackElo "1673"]
[Annotator "kemen"]
[PlyCount "140"]
[EventDate "2019.??.??"]

{[%evp 0,140,31,6,27,15,15,6,14,5,19,-26,-11,-15,0,-9,3,-18,14,27,24,-15,58,56,
78,57,112,99,90,85,93,120,171,156,158,163,147,103,144,124,178,-27,72,0,185,269,
281,243,243,273,273,246,308,70,116,79,279,300,356,171,164,168,159,166,187,185,
191,166,168,171,169,170,181,178,197,193,186,186,208,211,223,191,203,182,240,
218,239,198,178,204,191,173,173,183,177,64,106,47,98,0,0,-63,-24,-81,-67,-143,
-158,-349,-353,-353,-361,-361,-202,-267,-353,-324,-362,-316,-198,-412,-325,
-475,-787,-797,-817,-947,-854,-936,-945,-1507,-935,-983,-1078,-1183,-942,-1021,
-1051,-1152,-1152,-1768,-2073,-29987,-29988]} 1. d4 d5 2. e3 Nf6 3. Bd3 e6 4.
Nf3 c5 5. c3 Nc6 6. Nbd2 Be7 (6... Bd6) 7. O-O O-O 8. Ne5 (8. dxc5 Bxc5 9. e4 {
is the main line of the Colle}) 8... Re8 {weakens f7, N at this point, though
there are transpositions} (8... Nxe5 9. dxe5 {53% Wh}) (8... Nd7 9. f4 f5 {49%
Wh}) 9. b3 (9. f4 {2.5-0.5}) 9... cxd4 10. exd4 g6 (10... Nxe5 11. dxe5 Nd7 12.
f4 $11 {Bugaev-Solvjov, Geller memorial , Odessa 2010,1-0}) 11. Ndf3 $14 (11.
f4 $14) 11... Bf8 12. Bg5 $16 Bg7 13. Qd2 Qc7 14. Bh6 (14. Rfe1) 14... a6 (
14... Ne4 $5) 15. Rfe1 Nd8 16. Rac1 b5 17. Bxg7 Kxg7 18. Re3 (18. Qf4 $16) (18.
g4 $16) 18... Bb7 19. Ng5 $18 h6 {if possible, avoid pawn moves where you are
under attack, especially near the K.} (19... Qe7 20. Rh3 Rh8 21. Re1 Ra7 22.
Ree3 $18 {& all of Wh's pieces are piling in}) 20. Ngf3 {retreating a well
placed piece, & blocking in the planned R excursion} (20. Rg3 $1 $18 {Komodo13}
hxg5 (20... Ng8 21. Ngxf7 Nxf7 22. Nxg6 Ng5 23. Ne5 Kh8 24. Qf4 Re7 25. Rxg5
hxg5 26. Ng6+ Kg7 27. Qxg5 Qd8 {and Wh has several winning plans} 28. Ne5+ $1
Kf8 29. Qf4+ Kg7 30. Re1 Qc7 31. Re3 Rf7 32. Rg3+ Kf8 33. Qg5 Nf6 34. Rf3 $18 {
Komodo13; Bl is playing without 2 Q side pieces}) 21. Bxg6 $1 Ne4 (21... fxg6
22. Qxg5 Rg8 23. Qxg6+ Kf8 24. Qxf6+ Nf7 25. Rxg8+ Kxg8 26. Qg6+ Kf8 27. Qh7
Rc8 28. Ng6+ Ke8 29. Qg8+ Kd7 30. Qxf7+ Kd6 31. Qf6 $18 {Komodo13- Wh has
recovered both pieces with interest & the remaing bl forces are huddled over
on the Q side. Wh wins with a further attack, and/or the advance of the K side
pawns.}) 22. Bxe4 f6 23. Bc2 Rh8 24. Rxg5+ (24. Re1) (24. f4) 24... fxg5 25.
Qxg5+ Kf8 26. Ng6+ Ke8 27. Nxh8 $18 {Komodo13}) 20... Rc8 {Wh still has
excellent attacking chances} (20... Ne4 21. Qe1 Rc8 (21... f6 22. c4 $16 (22.
Nxg6 Kxg6 23. Ne5+ fxe5 24. f3 Nf7 25. fxe4 Kg7 $17)) 22. c4 f6 23. Rc2 Qd6 24.
Nxg6 Kxg6 25. cxd5 exd5 26. Nh4+ Kf7 27. f3 $16 {Komodo13}) 21. Nh4 $18 Nh7 (
21... Nc6) 22. Rg3 (22. Bxg6 $18) (22. Nhxg6 $18 {immediately are also good})
22... g5 23. Bxh7 {the N can be left as a target as yet} (23. f4 f6 24. fxg5
Nxg5 25. Rf1 {and Wh must be breaking through with so many pieces aimed at the
weakened K side, & with most Bl pieces standing idle.}) 23... Kxh7 24. Nhf3 (
24. Ng4 {also} Qf4 25. Qxf4 gxf4 26. Nf6+ Kh8 27. Rg4 Rf8 28. Nd7 Rg8 29. Rxf4
Rc7 30. Nc5 $18 {Komodo13- Bl has a terrible B as well}) 24... Rg8 25. h4 (25.
Ng4 Rg6 26. Nfe5 f6 27. Qd3 $18 {Komodo13}) 25... f6 26. Qd3+ (26. Ng4 {
appears more exact} Qe7 27. Qd3+ f5 28. hxg5 hxg5 29. Nfe5 Kg7 30. Rh3 Kf8 31.
Nf6 Qxf6 32. Nd7+ $18 {Komodo13}) 26... Kh8 27. Ng6+ Rxg6 (27... Kg7 28. hxg5
hxg5 29. Nxg5 fxg5 30. Rxg5 Kf6 31. Rg4 Rxg6 32. Qxg6+ Ke7 33. Rh4 $18) 28.
Qxg6 Qg7 29. Qxg7+ (29. Qe8+ Qg8 30. Qh5 Qh7 31. Rh3 $18 {Komodo13} g4 32. Qxg4
Qf5 33. Qxf5 exf5 34. h5 $18) 29... Kxg7 30. hxg5 hxg5 31. Nd2 Nf7 $18 32. f4
Kf8 33. fxg5 (33. Re3 Ke7 34. Rce1 Rc6 35. g3 $18 {Komodo13}) 33... Nxg5 34.
Kf2 (34. b4 Bc6 35. Nb3 Ke7 36. Nc5 Ra8 37. Re1 Bd7 38. Rge3 a5 39. a3 a4 40.
Kf2 Rh8 $18 {Komodo13- but it will take Wh quite a while to break down the Bl
defences- especially the N on g5 is a nuisance, for which Wh might well have
to return an exchange}) 34... Ke7 35. Rh1 (35. Ke3 Kf7 36. Rg4 Bc6 37. Rh4 Ke7
38. Nf3 Ne4 39. Rh7+ Kd6 40. Rg7 a5 41. Nd2 Ng5 (41... Nxd2 42. Kxd2 Bd7 43.
Rf1 f5 44. Rh1 $18) 42. Ra7 Ra8 43. Rxa8 Bxa8 44. Rh1 $18 {Komodo13, patiently
avoiding any Bl counterplay}) 35... Rf8 36. Ke3 Bc6 37. Nf3 Ne4 38. Rg7+ Kd6
39. Rc1 (39. Ra7) (39. Rf1 Nxc3 40. Ne5 Be8 41. Ra7 $18 {Komodo13}) 39... a5
40. Nd2 f5 (40... Nxd2 41. Kxd2 f5 42. Rh1 $18) (40... Ng5 41. Rf1 Ne4 42. c4
$18) 41. Nxe4+ (41. Nf3) 41... fxe4 42. Rh1 a4 43. Rc1 (43. b4) (43. Rh6) (43.
Rhh7) 43... axb3 44. axb3 Ra8 45. c4 $6 {this releases the B} (45. b4 {Wh is
best keeping pawns on, especially those Bl ones on the same colour as the B}
Ra3 46. Rh1 Be8 (46... Rxc3+ 47. Kf4 Be8 48. Rh8 Rc8 49. g4 {and the g pawn
walks through})) 45... bxc4 (45... dxc4 46. bxc4 bxc4 47. Rxc4 Ra3+ 48. Kf4 e3
$16 {Bl has now activated the B}) 46. bxc4 Ra3+ 47. Kd2 (47. Kf4) 47... Rd3+ (
47... dxc4 48. Rc3 (48. Rxc4 e3+ 49. Kc2 Ra2+ 50. Kd3 (50. Kb3 Ra1 51. Rg3 e2
52. Re3 e1=Q $19) 50... Bb5 $19) 48... Ra2+ 49. Ke3 Bd5 $11 {Komodo13}) 48. Ke2
(48. Ke1 {Komodo13} dxc4 (48... Rxd4 49. c5+ Ke5 50. Rc7 $16) 49. Rxc4 Rb3 50.
Rg5 e3 51. Rcc5 Rb2 52. Kf1 Bb7 53. Ra5 Bd5 54. Ra1 Bc4+ 55. Kg1 $16 {but its
not an easy position to play for Wh}) 48... Rxd4 (48... dxc4 $11 49. Rxc4 Bb5
50. Rc5 Rg3+ 51. Rxb5 Rxg7 $11) 49. c5+ (49. cxd5 Bxd5 50. Rg5 $14 {Komodo13})
49... Ke5 $11 50. Rh1 {however this R no longer has any targets} (50. Rg5+ Kf4
(50... Kf6 51. Rh5 Ra4 $11) 51. Rg6 Ke5 52. Rg5+ $11) 50... Rc4 51. Kd2 (51.
Rh5+ Kd4 52. Rh6 Rc2+ 53. Kd1 Ba4 54. Ra7 Rc4+ 55. Kd2 e5 $17) 51... Rxc5 $17 {
Bl has now more than enough for the exchange} 52. Rf7 Ra5 (52... d4 $19) (52...
Rc4 $19) 53. g4 Ra2+ 54. Kc3 d4+ 55. Kb4 Rg2 (55... e3) 56. Kc5 Rc2+ 57. Kb4 d3
(57... e3) 58. g5 Rg2 (58... e3) 59. Rh5 Kd4 60. Rf6 d2 61. Rf1 e3 62. g6 Rxg6
(62... e2) 63. Rf4+ Kd3 (63... Be4) 64. Rhh4 Bd5 (64... e5) 65. Rd4+ Kc2 66.
Rh2 Rg1 (66... Bg2) (66... Rg2) 67. Re2 Re1 68. Rh2 e2 69. Rh3 Rb1+ (69... d1=Q
) 70. Ka3 e1=Q 0-1

[Event "North Wales Congress Major"]
[Site "Llandudno"]
[Date "2019.06.21"]
[Round "1.33"]
[White "Taylor, Robert P"]
[Black "Spencer, Elliott"]
[Result "1-0"]
[WhiteElo "1673"]
[BlackElo "1743"]
[Annotator "kemen"]
[PlyCount "87"]
[EventDate "2019.??.??"]

{[%evp 0,87,80,6,18,-7,11,8,6,14,63,44,81,33,26,12,11,9,15,2,23,7,26,25,28,28,
25,1,54,62,62,44,84,62,67,9,39,0,1,-70,-24,-29,-14,-46,25,20,12,11,27,32,35,26,
31,32,50,31,50,41,44,52,54,0,97,51,104,122,112,97,91,88,145,117,156,126,131,85,
98,355,275,72,134,47,42,89,29985,29986,29987,29988,29993,29994]} 1. d4 Nf6 2.
Bg5 c5 3. d5 d6 (3... Qb6 {main}) 4. Nc3 {main} (4. Bxf6) 4... e6 5. e4 exd5 (
5... Be7) (5... a6) 6. exd5 Be7 7. Nf3 O-O 8. Be2 a6 9. a4 Bg4 (9... Nbd7 10.
O-O Re8 11. Qd2 Nf8 12. Rad1 h6 13. Bf4 Ng6 14. Bg3 Bg4 15. h3 Bd7 16. Bd3 {
Burkhardt-Miezis, Weber Memorial, Darms 1995,1/2-1/2}) 10. Be3 Re8 11. O-O Nbd7
12. a5 Bf8 13. Qd2 Bxf3 14. Bxf3 Ne5 15. Be2 g6 16. h3 Bg7 17. f4 Ned7 18. Bd3
Qc7 $11 19. Bc4 (19. Ra4) (19. Rfe1) 19... Re7 (19... Ne4 20. Qd3 (20. Nxe4
Rxe4 $19 21. Bd3 Rxe3 22. Qxe3 Bd4) 20... Nxc3 21. bxc3 Nf6 $17 {Komodo13}) 20.
Rfe1 Rae8 21. Bf2 Ne4 (21... Rxe1+ 22. Bxe1 (22. Rxe1 Rxe1+ 23. Qxe1 Qxa5 $17)
22... Ne4 23. Nxe4 Rxe4 24. Bd3 Bxb2 25. Bxe4 Bxa1 26. Bf3 Bd4+ 27. Kh2 Qd8 $17
{Komodo13}) 22. Nxe4 Rxe4 23. Rxe4 Rxe4 24. Bd3 Re8 25. c4 $11 Qd8 26. Rb1 Qf6
(26... Bd4 $11) 27. Rf1 Kf8 (27... Qxb2 28. Qxb2 Bxb2 29. Rb1 Bd4 30. Kf1 (30.
Rxb7 Re1+ 31. Bf1 Nf6 32. Bxd4 cxd4 33. Rb3 Ne4 34. Rd3 Rb1 35. g4 Kg7 36. Kg2
Rb2+ 37. Kg1 Nd2 $19 {Komodo13}) (30. Bxd4 cxd4 31. f5 Nc5 $19) 30... Bxf2 31.
Kxf2 Rb8 $15 {Komodo13}) 28. g4 Qd8 (28... Re7 $11) (28... Qxb2 $11) 29. b4 Qc7
(29... Qf6) (29... cxb4) 30. b5 b6 (30... axb5 31. cxb5 c4 32. b6 Qc8 33. Bc2
c3 34. Qd3 Nc5 $11 {Komodo13}) 31. bxa6 bxa5 32. Rb1 Rb8 (32... Ra8 $11) 33.
Qa2 Bc3 (33... Rb6 34. Rxb6 Qxb6 $11 {Komodo13}) 34. Rb5 (34. Rxb8+ Nxb8 35.
Qb3 Bg7 (35... Bb4 36. Bh4 $16) 36. Qb5 $16 {Komodo13}) 34... Qa7 (34... Rxb5
35. cxb5 Nb6 36. Qc2 Bb4 37. f5 a4 38. Qb2 Kg8 39. Qe2 Kf8 40. Qf3 Kg8 41. Qe3
Qd8 42. Bb1 Nc4 43. Qf4 Nb6 44. Bg3 $16 {Komodo13}) 35. Qb3 Bb4 (35... Bd4 $14)
36. Qb2 (36. Rxb8+ Nxb8 37. Qb2 Kg8 38. Qf6 Qd7 39. a7 Qxa7 40. Qd8+ Kg7 41. f5
$16 {Komodo13}) 36... Kg8 37. Bh4 Qxa6 (37... a4) 38. Rxb8+ Nxb8 39. Qf6 (39.
Bg5 $18 Nd7 40. Bh6 f6 41. Qe2 Qc8 (41... Ne5) 42. Qe7) 39... Qb6 (39... Qc8
40. Bc2 Qf8 41. Ba4 Bd2 42. Kf2 Na6 43. Bg3 Qh6 44. Kg2 Qg7 45. Qxg7+ Kxg7 46.
f5 $18 {Komodo13- d6 falls}) 40. Bg5 Nd7 41. Qe7 Nf8 $2 (41... Bc3 $1 {
Komodo13- difficult to find} 42. Qxd7 (42. Bh6 Bd4+ 43. Kf1 Bg7 44. Bxg7 Kxg7
45. Qxd7 Qb3 46. Be2 Qxh3+ {perpetual}) 42... Qb2 43. Qe8+ Kg7 44. Qe2 Qc1+ 45.
Kg2 Bd4 46. Bh4 Qg1+ 47. Kf3 Qh1+ 48. Qg2 (48. Kg3 Bc3 49. Kf2 Qxh3 50. Be7
Bd4+ 51. Ke1 Qg3+ 52. Kd1 Qxf4 $15 {Bl is gathering too many pawns for the
piece}) 48... Qd1+ 49. Qe2 (49. Be2 $2 Qb3+ 50. Ke4 Qe3#) 49... Qh1+ $11 {
repetition}) 42. Bh6 Qb8 43. Qf6 Ne6 44. dxe6 1-0

[Event "North Wales Congress Major"]
[Site "Llandudno"]
[Date "2019.06.21"]
[Round "1.34"]
[White "Banerjee, Sanjoy K"]
[Black "Smith, Andrew Pe"]
[Result "1-0"]
[WhiteElo "1571"]
[BlackElo "1668"]
[Annotator "kemen"]
[PlyCount "111"]
[EventDate "2019.??.??"]

{[%evp 0,111,72,29,67,36,22,33,-12,9,23,10,33,32,32,25,36,33,36,32,17,26,21,25,
14,-22,-8,-16,-18,-10,5,1,5,-16,0,-44,5,-39,-38,-32,57,40,59,40,136,107,162,44,
83,85,105,119,98,70,18,-59,-41,-98,-23,-28,-16,-11,-8,-10,89,102,102,107,208,
215,212,223,333,300,306,301,321,330,346,369,373,373,398,392,434,443,447,427,
468,370,399,417,427,443,449,417,467,402,408,408,407,411,418,415,500,459,464,
464,581,640,805,887,902,907]} 1. e4 e6 2. d4 d5 3. Nd2 Nf6 4. e5 Nfd7 5. Bd3 c5
6. c3 Nc6 7. Ne2 cxd4 8. cxd4 f6 9. exf6 Nxf6 10. Nf3 Bd6 11. O-O O-O (11...
Qc7) 12. Nc3 (12. Bf4) (12. Bg5) 12... a6 13. Bg5 h6 (13... Qc7 {main}) 14. Bh4
Qc7 15. Bg6 $146 (15. Rc1 {main}) (15. Bg3) 15... Bd7 16. Rc1 Qb6 (16... Be8)
17. b3 Rac8 $11 18. Na4 Qa5 19. Qe2 b5 20. Nc5 Bxc5 (20... Nxd4 21. Nxd4 Rxc5
22. Rxc5 Bxc5 23. Nxe6 Bxe6 24. Qxe6+ Kh8 25. Qc6 Bb4 26. Bb1 $16) 21. dxc5 (
21. Rxc5 $16) 21... Ne7 (21... Qb4 22. Bg3 Ne4 23. Rfe1 Nxg3 24. hxg3 Rf6 25.
Bb1 $16 {Komodo13}) 22. Bb1 $18 (22. Ne5 $18 Nxg6 23. Nxg6 Rf7 24. Ne5 Be8 (
24... Rff8 25. Bxf6 gxf6 26. Nxd7) 25. Nxf7 Bxf7 26. Qb2 $18 {Komodo13}) 22...
Qb4 23. Qc2 (23. Qb2 $18) (23. a3 Qxa3 24. Ne5 Be8 25. Ng4 $18 {Komodo13})
23... Nf5 24. Bxf6 Rxf6 (24... gxf6 $5) 25. Ne5 (25. Qb2) 25... Be8 26. g4 (26.
a3 Qxa3 27. g4 Nh4 28. Qh7+ Kf8 29. Qh8+ (29. Kh1 $18) 29... Ke7 30. Qxg7+ Bf7
31. Kh1 Qxb3 32. Bd3 Qb4 33. f4 Qb2 34. Rc2 Qd4 35. Nxf7 $18 {Komodo13}) 26...
Qf4 $11 27. gxf5 (27. Rce1 Nh4 28. Qh7+ Kf8 29. h3 Rxc5 $17) 27... Qxe5 (27...
Rxf5 $19 {surprisingly, but it seems that the Wh K position is more
compromised than Bl's} 28. Rce1 Bh5 (28... Rxe5 29. Rxe5 Qxe5 $17) (28... Bg6
$1 29. Qc1 Qxc1 30. Rxc1 Rg5+ 31. Kh1 Bxb1 32. Rxb1 Rxe5 33. b4 Kf7 $17) 29.
Re3 Rxe5 30. Rg3 Rg5 31. Qc1 Rxg3+ 32. hxg3 Qf7 $15 {Komodo13}) 28. Rfe1 (28.
f4 Qxf5 29. Qxf5 exf5 30. Rfe1 $11 {Komodo13}) 28... Qxf5 (28... Qf4 29. Qd3
Rxf5 $19 {Komodo13}) 29. Qxf5 exf5 30. Re5 Bc6 31. Bxf5 Rcf8 (31... Re8 $11)
32. Be6+ Kh7 33. Bxd5 Bd7 (33... Bxd5 34. Rxd5 Rxf2 35. c6 R2f7 36. c7 Rc8 37.
Rdc5 $16 {Komodo13}) 34. Be4+ $18 Kg8 35. c6 Bxc6 (35... Bc8 36. Bd5+ Kh8 37.
f3 {the c pawn will eventually win for Wh}) 36. Bxc6 Rxf2 37. a4 (37. b4) 37...
bxa4 38. bxa4 R2f6 39. Ra5 Rg6+ 40. Kh1 Rf2 41. Rxa6 Kf8 42. Ra7 Rd6 43. Bb5
Rd8 44. Rf1 {playing safe} (44. a5) 44... Rxf1+ 45. Bxf1 Rd1 46. Kg2 Rd2+ 47.
Kg3 Rd6 48. Rb7 (48. a5) 48... Rg6+ 49. Kf2 Rf6+ 50. Ke1 Re6+ 51. Kd2 (51. Be2)
51... Rf6 52. Be2 Rd6+ 53. Kc3 Rc6+ 54. Bc4 Rg6 55. a5 Rg1 56. a6 1-0

[Event "North Wales Congress Major"]
[Site "Llandudno"]
[Date "2019.06.22"]
[Round "2.14"]
[White "Bush, Ian"]
[Black "Benson, Paul J"]
[Result "1/2-1/2"]
[WhiteElo "1578"]
[BlackElo "1849"]
[Annotator "kemen"]
[PlyCount "72"]
[EventDate "2019.??.??"]

{[%evp 0,72,19,28,72,48,34,-3,79,66,69,28,86,86,115,71,60,50,74,46,59,43,23,34,
65,65,70,199,206,206,206,81,85,0,36,26,40,48,97,29,102,54,63,72,73,7,122,108,
102,101,101,98,93,71,104,103,102,99,99,81,84,52,55,54,52,55,64,51,38,50,58,70,
68,44,89]} 1. e4 c5 2. d4 cxd4 3. c3 g6 4. cxd4 (4. Nf3 Nc6 5. cxd4 d5 6. exd5
Qxd5 7. Nc3 Qd6 $2 8. Nb5 Qb8 9. d5 a6 10. dxc6 axb5 11. Bxb5 Ra5 {
Pietrowski-M Jones, Dyfed League 2019,1-0}) 4... d5 5. exd5 (5. e5 {transposes
to a Gurgenidze Caro-Kann}) 5... Qxd5 (5... Nf6 6. Nc3 Bg7 7. Bc4 {normally
arrives via an Exchange Caro-Kann}) 6. Nc3 Qd8 7. Bc4 Bg7 8. Qb3 e6 9. Nf3 {
67% for Wh} (9. d5 {79% for Wh}) 9... Ne7 {83% for Wh} (9... Nf6 {54% for Wh})
10. d5 (10. Bg5 {Komodo13 & others} O-O 11. d5 h6 12. Bxe7 Qxe7 13. O-O e5 14.
Nb5 Na6 15. d6 Qd7 16. Rfe1 $16 {Jonkman-Potapov, Korinthos op 2000,1-0}) 10...
exd5 11. Nxd5 Nbc6 $146 (11... Nxd5 12. Bxd5 O-O 13. O-O Nc6 $11 {
Joentausta-Kivilahti, Lahti We LahS op 2000,1-0}) (11... Be6 12. Ne3 Bxc4 13.
Nxc4 O-O 14. O-O Nbc6 15. Bf4 Qd5 16. Rad1 Qf5 17. Bg3 b6 {Jakovljevic-Stojanov
akovljevic-Stojanovic,YUG ch tm 2000,1/2-1/2}) 12. Bg5 $16 Qa5+ (12... h6 13.
Nxe7 (13. Bxe7 Nxe7 14. O-O-O Nxd5 15. Rxd5 Qc7 16. Re1+ Be6 17. Qb5+ Kf8 18.
Rc5 Qf4+ 19. Re3 Bxc4 20. Rxc4 Qd6 21. Qxb7 $16) 13... hxg5 14. Nxc6 bxc6 15.
Bxf7+ Kf8 16. O-O Qb6 17. Nxg5 $16 {Komodo13}) 13. Bd2 Qd8 14. O-O-O $18 Nxd5
15. Bxd5 (15. Rhe1+ $1 Be6 16. Bxd5 O-O 17. Rxe6 $1 (17. Bxe6 Qc7 18. Kb1 fxe6
19. Qxe6+ Qf7 20. Qxf7+ Rxf7 21. Bg5 $16) 17... Na5 (17... fxe6 18. Bxe6+ Kh8
19. Bc3 Qb8 20. Rd7 $18) 18. Bxa5 Qxa5 19. Re4 $18 {Komodo13}) 15... O-O 16.
Bc3 (16. Bb4 Bh6+ 17. Kb1 Bf5+ 18. Ka1 Nxb4 19. Bxf7+ Kh8 20. Rxd8 Nc2+ 21.
Qxc2 Bxc2 22. Rxa8 Rxa8 23. Re1 $14 {Komodo13}) 16... Bh6+ (16... Qb6 $11) 17.
Kb1 Bf5+ 18. Ka1 Qc7 (18... Qb6) 19. h3 (19. h4 $16) 19... Rfe8 20. Rhe1 Rxe1
21. Rxe1 Rd8 22. g4 Bc8 (22... Bc2 23. Qxc2 Rxd5 $11 {Komodo13}) 23. Bf6 $18
Rf8 24. Qc3 (24. g5 Bg7 25. Bxg7 Kxg7 26. Qc3+ Kg8 27. Ne5 Be6 28. Bxe6 fxe6
29. Ng4 $18 {Komodo13, Bl has trouble defending the weakened K side}) 24... Qa5
25. Qxa5 Nxa5 26. Re7 (26. Ne5 Be6 27. Bxe6 fxe6 28. g5 $16) 26... Nc6 27. Bxc6
bxc6 28. Rxa7 $16 Bf4 29. Ra4 Bb8 30. Re4 (30. Ng5) 30... Be6 31. Nd4 (31. b3)
31... Bd5 32. Re1 Ba7 33. Rc1 (33. b3) 33... Bxd4 34. Bxd4 Ra8 35. a3 Ra4 36.
Be3 (36. Bc5) 36... Rc4 {oposite colourBs- Wh will have a passed a pawn, but
one such is not usually enough. If Wh could get his K up fast enough to
support the pawn, then he could win the B, but here the Bl B can hold up the
pawn getting to a4 for a longtime- thus giving the Bl K plenty of time to
reach the Q side.} 1/2-1/2